[Event "Excelsior May op"]
[Site "Toronto CAN"]
[Date "2023.05.20"]
[Round "2.5"]
[White "Singh Dhaliwal, Jaipreet"]
[Black "Wang, Andy"]
[Result "1/2-1/2"]
[WhiteElo "1978"]
[BlackElo "1966"]
[PlyCount "66"]
[EventDate "2023.05.19"]
[EventType "swiss"]
[EventRounds "5"]
[EventCountry "CAN"]

1. e4 e5 2. Nf3 Nc6 3. Bc4 Bc5 4. d3 Nf6 5. c3 d6 6. Nbd2 O-O 7. h3 h6 8. Qe2
Be6 9. g4 Nh7 10. Nf1 Ne7 11. Ng3 Ng6 12. Nf5 Bxc4 13. dxc4 Ng5 14. Bxg5 hxg5
15. O-O-O Nf4 16. Qd2 g6 17. Ne3 Kg7 18. Nd5 Rh8 19. Nxf4 exf4 20. Kb1 Qf6 21.
Qe2 Rae8 22. Ka1 Qe7 23. Rde1 f6 24. Qc2 Qe6 25. Qe2 a5 26. Rh2 Qe7 27. a3 c6
28. Qd3 Rh7 29. Nd2 Qe5 30. Nf3 Qe6 31. Nd2 Qe5 32. Nf3 Qe7 33. Nd2 Qe5 1/2-1/2

[Event "Excelsior May op"]
[Site "Toronto CAN"]
[Date "2023.05.20"]
[Round "3.2"]
[White "Oancea, Nicolae"]
[Black "Chen, Richard"]
[Result "1-0"]
[WhiteElo "2132"]
[BlackElo "2104"]
[PlyCount "79"]
[EventDate "2023.05.19"]
[EventType "swiss"]
[EventRounds "5"]
[EventCountry "CAN"]

1. e4 e5 2. Nf3 Nc6 3. d4 exd4 4. Nxd4 Bc5 5. Nb3 Bb6 6. Nc3 Nf6 7. Bg5 h6 8.
Bh4 Qe7 9. Qe2 g5 10. Bg3 d6 11. O-O-O Be6 12. f3 O-O-O 13. Bf2 Bxf2 14. Qxf2
d5 15. Bb5 Kb8 16. Bxc6 bxc6 17. e5 Nd7 18. Rhe1 Qb4 19. Rd4 Qb6 20. Na4 Qb5
21. Qd2 Ka8 22. Rb4 Qa6 23. Nac5 Qc8 24. Rb7 Nxc5 25. Nxc5 Qxb7 26. Nxb7 Kxb7
27. Qb4+ Kc8 28. Qe7 Rhg8 29. g4 Rde8 30. Qc5 Kd7 31. b3 a5 32. a4 Ra8 33. Re3
Rgb8 34. Rc3 Ra6 35. Qd4 Raa8 36. Rc5 Rb4 37. Qd2 Rf4 38. Qd3 f5 39. exf6 Rxf6
40. Qh7+ (40. Qc3 Raf8 41. Rxc6 Rxf3 42. Rxc7+ Kd6 43. Rc6+ Ke7 44. Qe5 R8f6
45. Rc7+ Kf8 46. h3 Bf7 47. Kb2 Kg7 48. Rc6 Kg6 49. Rxf6+ Rxf6 50. Qc3 Be6 51.
Qxa5 h5 52. gxh5+ Kxh5 53. Qc3 Rf4 54. Qh8+ Kg6 55. a5 Rh4 56. Qe8+ Kf6 57. a6
d4 58. a7 Bd5 59. Qd8+ Ke6 60. Qxg5 Rh8 61. Qg7 Ra8 62. Qxd4 Bc6 63. h4) 1-0

[Event "Excelsior May op"]
[Site "Toronto CAN"]
[Date "2023.05.20"]
[Round "3.3"]
[White "Filipovich, David"]
[Black "Luger, Sam"]
[Result "1/2-1/2"]
[WhiteElo "2138"]
[BlackElo "1958"]
[PlyCount "41"]
[EventDate "2023.05.19"]
[EventType "swiss"]
[EventRounds "5"]
[EventCountry "CAN"]

1. Nf3 c5 2. g3 Nc6 3. Bg2 g6 4. O-O Bg7 5. c4 e6 6. Nc3 Nge7 7. d4 cxd4 8. Nb5
O-O 9. Nfxd4 Nxd4 10. Nxd4 d5 11. cxd5 Nxd5 12. e4 Nc7 13. Be3 e5 14. Ne2 Bg4
15. f3 Be6 16. Nc3 Qxd1 17. Rfxd1 b6 18. Rac1 Rac8 19. b3 Bf6 20. Bf1 Rfd8 21.
Rxd8+ 1/2-1/2

[Event "Excelsior May op"]
[Site "Toronto CAN"]
[Date "2023.05.20"]
[Round "3.4"]
[White "Laughlin, Braden"]
[Black "Ishoo, Younan"]
[Result "1-0"]
[WhiteElo "2041"]
[BlackElo "2120"]
[PlyCount "115"]
[EventDate "2023.05.19"]
[EventType "swiss"]
[EventRounds "5"]
[EventCountry "CAN"]

1. e4 c6 2. d4 d6 3. Nc3 g6 4. Be3 Bg7 5. Qd2 a5 6. f3 Na6 7. g4 h5 8. g5 e6 9.
a3 Ne7 10. Bd3 Bd7 11. Nge2 Nc7 12. f4 b5 13. e5 dxe5 14. dxe5 Ned5 15. Bc5 Bf8
16. Bxf8 Kxf8 17. Ne4 Qe7 18. b3 b4 19. a4 Kg7 20. Bc4 c5 21. Rg1 Bc6 22. N2g3
Rad8 23. Qf2 Nb6 24. Nd6 Rxd6 25. exd6 Qxd6 26. Rd1 Ncd5 27. Rf1 Re8 28. Ne4
Qc7 29. Qxc5 Nxc4 30. bxc4 Re7 31. cxd5 exd5 32. Rd4 Rxe4+ 33. Rxe4 dxe4 34.
Rf2 e3 35. Rf3 e2 36. Rf2 Qd7 37. Rxe2 Bf3 38. Re7 Qd1+ 39. Kf2 Bd5 40. Re2 Qh1
41. Qd4+ Kh7 42. Re8 Qxh2+ 43. Ke1 Qg3+ 44. Kd2 Qc3+ 45. Qxc3 bxc3+ 46. Kxc3
Bc6 47. Re2 Bxa4 48. Kd4 Bd7 49. c4 h4 50. Kc5 Kg7 51. Kd6 Bc8 52. c5 h3 53.
Rh2 a4 54. Ra2 Ba6 55. Rxa4 Bf1 56. Ra1 Bg2 57. c6 h2 58. c7 1-0

[Event "Excelsior May op"]
[Site "Toronto CAN"]
[Date "2023.05.20"]
[Round "3.5"]
[White "Wang, Andy"]
[Black "Joseph, Jonath"]
[Result "1-0"]
[WhiteElo "1966"]
[BlackElo "1960"]
[PlyCount "133"]
[EventDate "2023.05.19"]
[EventType "swiss"]
[EventRounds "5"]
[EventCountry "CAN"]

1. e4 e6 2. d4 d5 3. Nc3 Nf6 4. Bg5 Be7 5. e5 Nfd7 6. Bxe7 Qxe7 7. f4 a6 8. Nf3
c5 9. Qd2 Nc6 10. dxc5 Nxc5 11. Bd3 f6 12. O-O O-O 13. Rae1 Bd7 14. Ne2 Rac8
15. Ned4 Nxd4 16. Nxd4 fxe5 17. Rxe5 Qf6 18. g3 Rfe8 19. Rfe1 Nxd3 20. cxd3 h6
21. Qe2 Kh7 22. Nxe6 Bxe6 23. Rxe6 Rxe6 24. Qxe6 Qxe6 25. Rxe6 Rc2 26. Rb6 Rd2
27. Rxb7 Rxd3 28. Rb6 Rd2 29. a4 d4 30. Rxa6 Rxb2 31. Rd6 Rb4 32. a5 Ra4 33.
Kg2 Rxa5 34. Rxd4 Ra2+ 35. Kh3 Kg6 36. g4 Kf6 37. Rd6+ Kf7 38. Kg3 g6 39. h3
Kg7 40. Kh4 Ra4 41. Rd7+ Kf6 42. Rd6+ Kg7 43. f5 gxf5 44. Kh5 fxg4 45. Rg6+ Kf7
46. hxg4 Ra1 47. Rxh6 Rh1+ 48. Kg5 Ra1 49. Rh7+ Kg8 50. Rd7 Rg1 51. Kh5 Kf8 52.
g5 Ke8 53. Rb7 Kf8 54. Ra7 Rg2 55. Kg6 Rb2 56. Ra8+ Ke7 57. Kg7 Rg2 58. g6 Ke6
59. Re8+ Kd7 60. Re1 Rg3 61. Kh7 Rh3+ 62. Kg8 Rg3 63. g7 Rg2 64. Re4 Kd6 65.
Kf7 Rf2+ 66. Kg6 Kd5 67. Rg4 1-0

[Event "Excelsior May op"]
[Site "Toronto CAN"]
[Date "2023.05.21"]
[Round "4.2"]
[White "Laughlin, Braden"]
[Black "Oancea, Nicolae"]
[Result "1-0"]
[WhiteElo "2041"]
[BlackElo "2132"]
[PlyCount "113"]
[EventDate "2023.05.19"]
[EventType "swiss"]
[EventRounds "5"]
[EventCountry "CAN"]

1. e4 e6 2. d4 d5 3. Nc3 Nf6 4. e5 Nfd7 5. f4 c5 6. Nf3 Nc6 7. Be3 a6 8. a3
cxd4 9. Nxd4 Bc5 10. Qd2 Bxd4 11. Bxd4 b5 12. Qf2 Qa5 13. Bd3 b4 14. Nb1 bxa3+
15. Bc3 Nb4 16. Rxa3 Nxd3+ 17. cxd3 Qb5 18. Bd4 O-O 19. O-O f6 20. exf6 Nxf6
21. h3 Bd7 22. Qe3 Rac8 23. Nd2 Be8 24. Qxe6+ Bf7 25. Qxa6 Qb4 26. Nf3 Nh5 27.
Ra4 Qb3 28. Be5 h6 29. Nd4 Qxb2 30. Nf5 Qc2 31. Ne7+ Kh7 32. Nxc8 Rxc8 33. Ra2
Qc5+ 34. d4 Qc3 35. Ra3 Qb2 36. Qxc8 Qxa3 37. f5 Qe3+ 38. Kh2 Qg5 39. Qd7 Kg8
40. Rf3 Nf6 41. Qd8+ Kh7 42. Bxf6 gxf6 43. Qf8 Qg7 44. Qe7 Bh5 45. Re3 Qxe7 46.
Rxe7+ Kg8 47. Kg3 Bd1 48. Kf4 h5 49. Rd7 Bb3 50. g4 hxg4 51. hxg4 Kf8 52. g5
fxg5+ 53. Kxg5 Ke8 54. Rb7 Bc4 55. Kf6 Bf1 56. Kg7 Ba6 57. Ra7 1-0

[Event "Excelsior May op"]
[Site "Toronto CAN"]
[Date "2023.05.21"]
[Round "4.3"]
[White "Chen, Richard"]
[Black "Lu, Tony"]
[Result "1/2-1/2"]
[WhiteElo "2104"]
[BlackElo "1982"]
[PlyCount "78"]
[EventDate "2023.05.19"]
[EventType "swiss"]
[EventRounds "5"]
[EventCountry "CAN"]

1. e4 e6 2. d4 d5 3. Nc3 Bb4 4. e5 c5 5. a3 Bxc3+ 6. bxc3 Ne7 7. Qg4 Qc7 8. Bd3
cxd4 9. Ne2 dxc3 10. Qxg7 Rg8 11. Qxh7 Qxe5 12. Bf4 Qf6 13. Qh5 Nbc6 14. h4 e5
15. Bg5 Qe6 16. O-O b6 17. Nxc3 Bb7 18. Bxe7 Nxe7 19. Bb5+ Nc6 20. Rfe1 O-O-O
21. Bxc6 Bxc6 22. Rxe5 Qh3 23. Qf5+ Qxf5 24. Rxf5 d4 25. Ne2 Rxg2+ 26. Kf1 Rh2
27. Ng3 Be4 28. Rxf7 Bxc2 29. Ke1 Rxh4 30. Rxa7 Kb8 31. Rf7 d3 32. Kd2 Rc4 33.
Rc1 b5 34. Nf1 Ra4 35. Ne3 Rxa3 36. Nxc2 Ra2 37. Rf5 dxc2+ 38. Kc3 b4+ 39. Kb3
Rd1 1/2-1/2

[Event "Excelsior May op"]
[Site "Toronto CAN"]
[Date "2023.05.21"]
[Round "4.4"]
[White "Luger, Sam"]
[Black "Wang, Andy"]
[Result "1-0"]
[WhiteElo "1958"]
[BlackElo "1966"]
[PlyCount "97"]
[EventDate "2023.05.19"]
[EventType "swiss"]
[EventRounds "5"]
[EventCountry "CAN"]

1. e4 e5 2. Bc4 Nc6 3. Nc3 Bc5 4. Qg4 Qf6 5. Nd5 Qxf2+ 6. Kd1 Kf8 7. Nh3 h5 8.
Qg5 f6 9. Nxf2 fxg5 10. Nxc7 Rb8 11. Rf1 Nf6 12. d3 g4 13. a3 Be7 14. Bg5 d6
15. Nh1 Nd4 16. c3 Nc6 17. b4 Nd8 18. Ng3 Nf7 19. Be3 b6 20. Nf5 Rb7 21. Nd5
Bxf5 22. Rxf5 Rh7 23. Ke2 Rd7 24. Raf1 Rd8 25. Nc7 Rc8 26. Ne6+ Kg8 27. Ng5
Rxc4 28. dxc4 Nxg5 29. Bxg5 Kf7 30. Kd3 Rh8 31. R5f2 Rc8 32. a4 Kg6 33. Be3 Bd8
34. Rb1 a6 35. Ra1 Nd7 36. Rb2 Kf7 37. a5 b5 38. cxb5 axb5 39. Kc2 Ke6 40. a6
Bb6 41. a7 Ra8 42. Bxb6 Nxb6 43. Kb3 Nc4 44. Rba2 Kd7 45. Rf1 Ke7 46. Rd1 Ke6
47. Rd5 Kd7 48. Rxb5 Kc6 49. Kxc4 1-0

[Event "Excelsior May op"]
[Site "Toronto CAN"]
[Date "2023.05.21"]
[Round "4.5"]
[White "Joseph, Jonath"]
[Black "Filipovich, David"]
[Result "1/2-1/2"]
[WhiteElo "1960"]
[BlackElo "2138"]
[PlyCount "66"]
[EventDate "2023.05.19"]
[EventType "swiss"]
[EventRounds "5"]
[EventCountry "CAN"]

1. e4 g6 2. d4 Bg7 3. Nf3 d6 4. Nc3 Nf6 5. Bc4 O-O 6. O-O Nxe4 7. Nxe4 d5 8.
Bd3 dxe4 9. Bxe4 Nd7 10. c3 c5 11. Be3 cxd4 12. Nxd4 e5 13. Nb5 a6 14. Nd6 Qc7
15. Nxc8 Raxc8 16. Qb3 b5 17. g3 Kh8 18. Bg2 f5 19. f3 f4 20. Bf2 Rce8 21. Rfe1
Nc5 22. Qd5 Na4 23. Re2 e4 24. Rxe4 Nxb2 25. Bd4 fxg3 26. hxg3 Rxe4 27. Qxe4
Qxg3 28. Bxg7+ Kxg7 29. Qd4+ Rf6 30. Qd7+ Rf7 31. Qd4+ Kg8 32. Qd8+ Rf8 33.
Qd5+ Kg7 1/2-1/2

[Event "Excelsior May op"]
[Site "Toronto CAN"]
[Date "2023.05.21"]
[Round "5.2"]
[White "Filipovich, David"]
[Black "Laughlin, Braden"]
[Result "1-0"]
[WhiteElo "2138"]
[BlackElo "2041"]
[PlyCount "73"]
[EventDate "2023.05.19"]
[EventType "swiss"]
[EventRounds "5"]
[EventCountry "CAN"]

1. Nf3 d5 2. g3 g6 3. Bg2 Bg7 4. O-O e5 5. d3 Nc6 6. e4 dxe4 7. dxe4 Qxd1 8.
Rxd1 Bg4 9. c3 Nf6 10. h3 Bd7 11. Nbd2 O-O-O 12. b3 h6 13. Bb2 Be6 14. Bf1 a6
15. Re1 Nd7 16. b4 Ncb8 17. a4 g5 18. Nc4 f6 19. Ne3 h5 20. a5 Bh6 21. Nf5 Bf8
22. Bc1 Re8 23. Bd2 c6 24. Be3 Rh7 25. Nd2 h4 26. g4 Bxf5 27. exf5 Rd8 28. Ne4
Be7 29. Red1 Rhh8 30. Nd6+ Kc7 31. Nf7 Rhf8 32. Nxd8 Bxd8 33. Rd2 Kc8 34. Bc4
Bc7 35. Be6 Re8 36. Rad1 Re7 37. Ba7 1-0

[Event "Excelsior May op"]
[Site "Toronto CAN"]
[Date "2023.05.21"]
[Round "5.3"]
[White "Lu, Tony"]
[Black "Oancea, Nicolae"]
[Result "0-1"]
[WhiteElo "1982"]
[BlackElo "2132"]
[PlyCount "58"]
[EventDate "2023.05.19"]
[EventType "swiss"]
[EventRounds "5"]
[EventCountry "CAN"]

1. e4 e6 2. d4 d5 3. e5 c5 4. c3 Nc6 5. Nf3 Bd7 6. Be2 Qb6 7. O-O cxd4 8. cxd4
Nh6 9. Bxh6 gxh6 10. Qd2 O-O-O 11. Nc3 Kb8 12. Rab1 Rg8 13. Rfc1 Rg7 14. Kh1
Be7 15. Qxh6 Rdg8 16. g3 Nxd4 17. Nxd5 exd5 18. Qxb6 axb6 19. Nxd4 Bc5 20. Rd1
Rc8 21. Rbc1 h5 22. Kg2 h4 23. Rc3 Rh7 24. f4 hxg3 25. hxg3 Rch8 26. Kf3 Rh2
27. a3 Rg8 28. Rc2 Bf5 29. Bd3 Bg4+ 0-1

[Event "Excelsior May op"]
[Site "Toronto CAN"]
[Date "2023.05.21"]
[Round "5.4"]
[White "Singh Dhaliwal, Jaipreet"]
[Black "Chen, Richard"]
[Result "1/2-1/2"]
[WhiteElo "1978"]
[BlackElo "2104"]
[PlyCount "134"]
[EventDate "2023.05.19"]
[EventType "swiss"]
[EventRounds "5"]
[EventCountry "CAN"]

1. e4 e5 2. Nf3 Nc6 3. Bc4 Bc5 4. c3 Nf6 5. d4 exd4 6. e5 d5 7. Bb5 Ne4 8. cxd4
Bb6 9. Be3 Bg4 10. Nbd2 O-O 11. Bxc6 bxc6 12. Rc1 f6 13. h3 Bh5 14. exf6 Nxd2
15. Qxd2 Qxf6 16. Ne5 Be8 17. O-O Qd6 18. Qc3 Rf6 19. Rfe1 Bd7 20. Rcd1 Re8 21.
b4 Ra8 22. Bc1 Be8 23. Ba3 Qd8 24. Bc1 Qd6 25. Ba3 Qd8 26. Bc1 Qd6 27. Bg5 Rf5
28. Bh4 a5 29. a3 axb4 30. axb4 Qf8 31. Bg3 Rf6 32. Qb3 Kh8 33. Rd2 Rb8 34. Qc3
Ra8 35. Bh4 Rh6 36. Bg5 Re6 37. Ree2 Ra4 38. Rb2 h6 39. Bh4 Ra1+ 40. Kh2 Qf4+
41. Bg3 Qxd4 42. Qxd4 Bxd4 43. Nf3 Bxb2 44. Rxe6 Bh5 45. Rxc6 Bxf3 46. gxf3 Ra4
47. Rxc7 Rxb4 48. Rd7 Rb5 49. Kg2 Bf6 50. Kf1 d4 51. Ke2 Rb3 52. f4 h5 53. Rd5
h4 54. Bxh4 Rxh3 55. Bxf6 gxf6 56. Rxd4 Kg7 57. Rd3 Rh1 58. Ke3 f5 59. Rd6 Re1+
60. Kf3 Kf7 61. Kg3 Rg1+ 62. Kf3 Re1 63. Ra6 Rg1 64. Ra5 Kf6 65. Ra6+ Kf7 66.
Ra3 Kf6 67. Rc3 Re1 1/2-1/2

[Event "Excelsior May op"]
[Site "Toronto CAN"]
[Date "2023.05.21"]
[Round "5.5"]
[White "Ishoo, Younan"]
[Black "Wang, Andy"]
[Result "1-0"]
[WhiteElo "2120"]
[BlackElo "1966"]
[PlyCount "75"]
[EventDate "2023.05.19"]
[EventType "swiss"]
[EventRounds "5"]
[EventCountry "CAN"]

1. e4 e5 2. Nf3 Nc6 3. d4 exd4 4. Nxd4 Bc5 5. Be3 Qf6 6. c3 Nge7 7. Be2 Bb6 8.
O-O O-O 9. Na3 d5 10. Nxc6 Qxc6 11. exd5 Nxd5 12. Bxb6 Nxb6 13. Re1 Be6 14. Qd4
Rad8 15. Qh4 Bd5 16. Rad1 Qg6 17. Bf1 Rde8 18. Re7 Bc6 19. Rd4 Nd5 20. Rxe8
Rxe8 21. Rg4 Qf6 22. Qg3 Re1 23. Nc2 Re5 24. c4 Ne7 25. Ne3 g6 26. Rf4 Qg5 27.
Rg4 Qf6 28. Bd3 Qd6 29. Bf1 Qf6 30. h4 Nf5 31. Qf4 Qe7 32. Nxf5 Rxf5 33. Qxf5
Bd7 34. Qe4 Qb4 35. Rg3 Qxb2 36. Rd3 Bf5 37. Rd8+ Kg7 38. Qd4+ 1-0

[Event "Excelsior May op U1600"]
[Site "Toronto CAN"]
[Date "2023.05.19"]
[Round "1.16"]
[White "Saltat, Michael"]
[Black "Khezri, Hamed"]
[Result "1-0"]
[WhiteElo "1546"]
[BlackElo "1210"]
[PlyCount "69"]
[EventDate "2023.05.19"]
[EventType "swiss"]
[EventRounds "5"]
[EventCountry "CAN"]

1. e4 e5 2. Nf3 Nc6 3. Nc3 Nf6 4. Bb5 d6 5. O-O Bg4 6. h3 Bh5 7. Qe2 Be7 8. g4
Nxg4 9. hxg4 Bxg4 10. Qe3 O-O 11. Bxc6 bxc6 12. Nh2 Qd7 13. Nxg4 Qxg4+ 14. Qg3
Qh5 15. Kg2 Qh6 16. d3 Qe6 17. f4 f5 18. fxe5 dxe5 19. exf5 Rxf5 20. Rxf5 Qxf5
21. Bh6 g5 22. Ne4 Kh8 23. Rf1 Qe6 24. Nxg5 Bxg5 25. Bxg5 h6 26. Bf6+ Qxf6 27.
Rxf6 Rg8 28. Rg6 Rxg6 29. Qxg6 h5 30. Qf7 h4 31. Qe7 h3+ 32. Kxh3 e4 33. dxe4
c5 34. Kh4 c4 35. Kh5 1-0

[Event "Excelsior May op U1600"]
[Site "Toronto CAN"]
[Date "2023.05.19"]
[Round "1.17"]
[White "Anish, Diganth"]
[Black "Sheth, Rudra"]
[Result "1-0"]
[WhiteElo "1169"]
[BlackElo "1438"]
[PlyCount "63"]
[EventDate "2023.05.19"]
[EventType "swiss"]
[EventRounds "5"]
[EventCountry "CAN"]

1. e4 e6 2. d4 d5 3. e5 c5 4. c3 Nc6 5. a3 Bd7 6. Nf3 Qb6 7. Be2 c4 8. Bf4 Nge7
9. Qc2 Ng6 10. Bg3 Be7 11. Nbd2 Na5 12. O-O h5 13. h4 Qd8 14. Qd1 Nxh4 15. Nxh4
Bxh4 16. Bxh5 g6 17. Bg4 Bxg3 18. fxg3 Qg5 19. Rf4 O-O-O 20. Rb1 Rh7 21. Nf3
Qe7 22. Rf6 g5 23. Nd2 Rg8 24. Qf3 Rg6 25. Rxg6 fxg6 26. b4 cxb3 27. Nxb3 Nc4
28. Ra1 Ba4 29. Nc5 Bd7 30. Nxd7 Kxd7 31. Qxd5+ Nd6 32. exd6 1-0

[Event "Excelsior May op U1600"]
[Site "Toronto CAN"]
[Date "2023.05.19"]
[Round "1.18"]
[White "Shah, Mustafa"]
[Black "Chawla, Manav"]
[Result "1-0"]
[WhiteElo "1423"]
[BlackElo "1159"]
[PlyCount "159"]
[EventDate "2023.05.19"]
[EventType "swiss"]
[EventRounds "5"]
[EventCountry "CAN"]

1. d4 f5 2. Nf3 Nf6 3. Bf4 e6 4. h3 Be7 5. e3 d6 6. Be2 Nc6 7. Nbd2 Ne4 8. c3
O-O 9. O-O Bf6 10. Bh2 Ne7 11. Qc2 d5 12. Ne5 Bxe5 13. Bxe5 Ng6 14. Bh2 Bd7 15.
Nf3 c6 16. Ne5 Nxe5 17. Bxe5 Qg5 18. Bf3 Be8 19. Bxe4 fxe4 20. Bf4 Qh4 21. Bg3
Qg5 22. Kh2 Bg6 23. c4 Rf7 24. c5 h5 25. b4 h4 26. Be5 Rf5 27. Bd6 Rd8 28. a4
a6 29. b5 axb5 30. axb5 Be8 31. b6 e5 32. dxe5 Rxe5 33. Bxe5 Qxe5+ 34. Kh1 Bd7
35. Ra7 Bc8 36. Rfa1 d4 37. exd4 Qxd4 38. Qb3+ Kh7 39. Qe3 Qd3 40. Re1 Qxe3 41.
Rxe3 Rd1+ 42. Kh2 Rc1 43. Ra5 Rc4 44. f3 exf3 45. Rxf3 Kg6 46. Rf2 Bf5 47. Ra7
Rxc5 48. Rxb7 Rb5 49. Rb8 c5 50. Rf8 Be4 51. R8f4 Bd3 52. Rg4+ Kh7 53. Rxh4+
Kg8 54. Rh5 g6 55. Rd5 Be4 56. Re5 Bd3 57. b7 Rxb7 58. Rxc5 Re7 59. Rc8+ Kg7
60. Rd8 Bc4 61. Rfd2 Bb5 62. Rb8 Bc6 63. Rb3 Re5 64. Rg3 Bb5 65. Rd6 Be8 66.
Rc3 Bb5 67. Rd2 Rf5 68. g4 Rf1 69. g5 Rf5 70. Rc7+ Rf7 71. Rxf7+ Kxf7 72. Rd6
Be2 73. Rf6+ Kg7 74. Kg3 Bd3 75. Rb6 Bf5 76. Rb7+ Kf8 77. Kf4 Bxh3 78. Ra7 Ke8
79. Ke5 Kf8 80. Kf6 1-0

[Event "Excelsior May op U1600"]
[Site "Toronto CAN"]
[Date "2023.05.19"]
[Round "1.19"]
[White "Khamidov, Bek"]
[Black "Yusuf, Atiba"]
[Result "0-1"]
[WhiteElo "1059"]
[BlackElo "1399"]
[PlyCount "44"]
[EventDate "2023.05.19"]
[EventType "swiss"]
[EventRounds "5"]
[EventCountry "CAN"]

1. e4 d5 2. exd5 Qxd5 3. Nc3 Qd6 4. Bc4 c6 5. Nf3 Nf6 6. d3 Bg4 7. h3 Bh5 8.
Be3 Nbd7 9. Qe2 Ne5 10. O-O-O Nxc4 11. dxc4 Qc7 12. g4 Bg6 13. Nh4 e6 14. Nxg6
hxg6 15. Qf3 Nd7 16. Bf4 Qa5 17. Rd3 O-O-O 18. Rhd1 Be7 19. Kb1 e5 20. Bh2 f6
21. Ne4 Nb6 22. Ra3 Bxa3 0-1

[Event "Excelsior May op U1600"]
[Site "Toronto CAN"]
[Date "2023.05.19"]
[Round "1.20"]
[White "Vale, Noah"]
[Black "Li, Sarina"]
[Result "1-0"]
[WhiteElo "1393"]
[BlackElo "1033"]
[PlyCount "89"]
[EventDate "2023.05.19"]
[EventType "swiss"]
[EventRounds "5"]
[EventCountry "CAN"]

1. e4 c5 2. Nf3 d6 3. d4 cxd4 4. Nxd4 Nf6 5. Nc3 a6 6. Be2 g6 7. a4 Bg7 8. O-O
O-O 9. Re1 Bd7 10. Bg5 Nc6 11. Nxc6 Bxc6 12. Bc4 Nd7 13. Qd2 Re8 14. Rad1 Bxc3
15. Qxc3 Bxa4 16. Bxf7+ Kxf7 17. Qc4+ Kg7 18. Qxa4 Ne5 19. Qd4 h6 20. f4 hxg5
21. fxe5 Kh6 22. exd6 exd6 23. Qxd6 Qxd6 24. Rxd6 Rad8 25. Rxd8 Rxd8 26. Kf2
Kg7 27. Ke3 Kf6 28. Rf1+ Ke5 29. Rf7 b6 30. Re7+ Kf6 31. Ra7 a5 32. Rc7 Rd6 33.
Rc3 Ke5 34. Rd3 Rxd3+ 35. cxd3 b5 36. d4+ Kd6 37. Kd3 g4 38. g3 g5 39. Kc2 Kc6
40. e5 Kd5 41. Kc3 Ke6 42. Kd3 Kd5 43. Ke3 Kc6 44. e6 Kd6 45. d5 1-0

[Event "Excelsior May op U1600"]
[Site "Toronto CAN"]
[Date "2023.05.19"]
[Round "1.22"]
[White "Zhan, Jayden Zihan"]
[Black "Roque, Alexa"]
[Result "1-0"]
[WhiteElo "1374"]
[BlackElo "1371"]
[PlyCount "96"]
[EventDate "2023.05.19"]
[EventType "swiss"]
[EventRounds "5"]
[EventCountry "CAN"]

1. Nf3 Nf6 2. g3 g6 3. c4 Bg7 4. Nc3 d6 5. d4 O-O 6. e4 e5 7. Bg2 Nc6 8. d5 Ne7
9. O-O Nd7 10. Nd2 f5 11. f4 Nc5 12. Nb3 b6 13. Nxc5 bxc5 14. fxe5 Bxe5 15. Bg5
Qe8 16. Nb5 Qd8 17. Rb1 a6 18. Nc3 Rb8 19. Qd2 Qe8 20. Bh6 Rf7 21. Bf4 Bd4+ 22.
Kh1 fxe4 23. Bxe4 Bf5 24. Rfe1 Qd7 25. b4 Bxe4+ 26. Nxe4 Nf5 27. bxc5 Rxb1 28.
Rxb1 dxc5 29. Ng5 Re7 30. Ne6 Rxe6 31. dxe6 Qxe6 32. Re1 Qxc4 33. Bxc7 Qb5 34.
Bf4 Qb6 35. Qe2 Qb7+ 36. Qg2 Qd7 37. Qa8+ Kf7 38. Qe4 g5 39. Be5 Bf2 40. Rf1
Kg8 41. Rxf2 Ng7 42. Bxg7 Kxg7 43. Qe5+ Kg6 44. Rf6+ Kh5 45. Qe2+ Qg4 46. Rh6+
Kxh6 47. Qxg4 c4 48. Qxc4 a5 1-0

[Event "Excelsior May op U1600"]
[Site "Toronto CAN"]
[Date "2023.05.19"]
[Round "1.23"]
[White "Fu, Ashley"]
[Black "Lukinykh, Slava"]
[Result "1-0"]
[WhiteElo "860"]
[BlackElo "1371"]
[PlyCount "67"]
[EventDate "2023.05.19"]
[EventType "swiss"]
[EventRounds "5"]
[EventCountry "CAN"]

1. e4 c5 2. Nf3 Nc6 3. c3 Nf6 4. e5 Nd5 5. d4 cxd4 6. cxd4 e6 7. Bc4 Nb6 8. Bb3
d5 9. Nc3 Be7 10. O-O O-O 11. Be3 Bd7 12. Bc2 Nc4 13. Qd3 g6 14. Bh6 Re8 15. b3
Nb4 16. Qe2 Nxc2 17. Qxc2 Na3 18. Qd3 Rc8 19. Bc1 Qa5 20. Bd2 Bb4 21. Rfc1 Rc7
22. Ne2 Bb5 23. Bxb4 Qxb4 24. Qe3 Nc2 25. Qh6 Bxe2 26. Ng5 Rec8 27. Qxh7+ Kf8
28. Qh8+ Ke7 29. Qf6+ Ke8 30. Rxc2 Qxd4 31. Rac1 Qd2 32. Qxf7+ Rxf7 33. Rxc8+
Ke7 34. R1c7# 1-0

[Event "Excelsior May op U1600"]
[Site "Toronto CAN"]
[Date "2023.05.19"]
[Round "1.25"]
[White "Ishow, Youssef"]
[Black "Chen, Sam"]
[Result "0-1"]
[WhiteElo "595"]
[BlackElo "1304"]
[PlyCount "50"]
[EventDate "2023.05.19"]
[EventType "swiss"]
[EventRounds "5"]
[EventCountry "CAN"]

1. e4 e5 2. Qh5 Nc6 3. Bc4 g6 4. Qf3 Nf6 5. d3 Bg7 6. Bg5 d6 7. Bxf6 Bxf6 8.
Nh3 Nd4 9. Qd1 Bxh3 10. Nc3 Bxg2 11. Rg1 Nf3+ 12. Ke2 Nxg1+ 13. Qxg1 Bh3 14.
Qg3 Be6 15. Bb5+ c6 16. Ba4 Bh4 17. Qf3 Qf6 18. Nd5 Qxf3+ 19. Kxf3 O-O 20. Nc7
Rac8 21. Nxe6 fxe6+ 22. Ke3 Rxf2 23. Bb3 Rcf8 24. Bxe6+ Kg7 25. Bg4 Bg5# 0-1

[Event "Excelsior May op U1600"]
[Site "Toronto CAN"]
[Date "2023.05.20"]
[Round "2.16"]
[White "Chen, Matthew"]
[Black "Saltat, Michael"]
[Result "0-1"]
[WhiteElo "1298"]
[BlackElo "1546"]
[PlyCount "114"]
[EventDate "2023.05.19"]
[EventType "swiss"]
[EventRounds "5"]
[EventCountry "CAN"]

1. e4 d5 2. exd5 Qxd5 3. Nc3 Qa5 4. b4 Qxb4 5. Nb5 Na6 6. Ba3 Qe4+ 7. Be2 c6 8.
Nc3 Qxg2 9. Bf3 Qg5 10. Nge2 Nf6 11. d4 g6 12. h4 Qa5 13. Bb2 Bf5 14. Ng3 Nb4
15. Nxf5 Qxf5 16. Qe2 Nxc2+ 17. Kf1 Nxa1 18. Bxa1 Bg7 19. Bb2 h5 20. Kg2 O-O
21. Qxe7 Qc2 22. Qb4 a5 23. Qb6 Nd7 24. Qxb7 Bxd4 25. Ne2 Bxb2 26. Qxd7 Rad8
27. Qxc6 Qxc6 28. Bxc6 Rd6 29. Bb5 Rb8 30. a4 Bf6 31. Ng3 Rd4 32. Re1 Rxh4 33.
Ne4 Rg4+ 34. Kf3 Kg7 35. Rd1 Rd8 36. Nxf6 Rxd1 37. Nxg4 hxg4+ 38. Kxg4 f5+ 39.
Kg3 g5 40. Kf3 Kf6 41. Ke3 Ra1 42. Kd4 Ra2 43. Ke3 Ra3+ 44. Ke2 Ke5 45. Bc6 Kf4
46. Kf1 Rc3 47. Bd5 Ke5 48. Bf7 Kd4 49. Ke2 Ra3 50. Be8 Kc5 51. Bd7 f4 52. Kd2
Kb4 53. Kc2 Rxa4 54. Kd3 Ra3+ 55. Ke4 Rc3 56. Kf5 Rc5+ 57. Kg4 a4 0-1

[Event "Excelsior May op U1600"]
[Site "Toronto CAN"]
[Date "2023.05.20"]
[Round "2.17"]
[White "Chen, Michael"]
[Black "Shah, Mustafa"]
[Result "1-0"]
[WhiteElo "1288"]
[BlackElo "1423"]
[PlyCount "115"]
[EventDate "2023.05.19"]
[EventType "swiss"]
[EventRounds "5"]
[EventCountry "CAN"]

1. d4 Nf6 2. c4 e6 3. Nf3 d5 4. Nc3 c6 5. Bf4 Bd6 6. Bg3 Bxg3 7. hxg3 Nbd7 8.
e3 Ne4 9. Qc2 f5 10. c5 Ndf6 11. Nxe4 Nxe4 12. b4 h6 13. Ne5 O-O 14. Be2 Bd7
15. a4 a6 16. O-O Be8 17. Rfb1 Bf7 18. b5 axb5 19. axb5 Qc7 20. b6 Qe7 21. Qb2
Rfb8 22. Ra7 Be8 23. Ba6 Rxa7 24. bxa7 Ra8 25. Qxb7 Rxa7 26. Qxe7 Rxe7 27. Rb8
Kh7 28. Bb7 Rc7 29. Ba8 Bh5 30. Nxc6 Rd7 31. Rb7 Rxb7 32. Bxb7 Be8 33. Nd8 Kg8
34. Nxe6 Bd7 35. Nf4 Kf7 36. c6 Nd6 37. Nxd5 Bc8 38. Bxc8 Nxc8 39. f3 Ke6 40.
Nb4 Kd6 41. Kf2 g5 42. e4 fxe4 43. fxe4 h5 44. e5+ Ke6 45. Ke3 Kf5 46. c7 Ke6
47. Ke4 h4 48. d5+ Kd7 49. d6 Ke6 50. Nd3 g4 51. Nc5+ Kf7 52. d7 h3 53. gxh3
gxh3 54. dxc8=Q h2 55. Qh3 h1=B+ 56. Qxh1 Kg7 57. Ne6+ Kg6 58. Nf4+ 1-0